000 00602nam a2200205Ia 4500
003 GCL
008 140319s9999 xx 000 0 ara d
040 _aGCL /
_cGCL
082 0 4 _a953
_bع د
100 1 _aعمر عبدالعزيز عمر
245 1 0 _aدراسات فى تاريخ العرب الحديث والمعاصر /
_cعمر عبدالعزيز عمر
300 _a832 ص
490 _a
650 0 4 _aالعصر الحديث
650 0 4 _aالعالم العربى
650 0 4 _aتاريخ
650 0 4 _aمصر - تاريخ
650 0 4 _aفلسطين - تاريخ
942 _2ddc
_cBK
999 _c38916
_d38916